000 00328nam a22001337a 4500
008 171009b xxu||||| |||| 00| 0 eng d
020 _a9780890798546
041 _aeng
080 _25TH
_a159.9
100 _a49
101 _aPSI
245 _aFOUNDATIONS OF THE VOCATIONAL REHABILITATION PROCESS
_cRUBIN,S.E
942 _2udc
_cBK
999 _c32635
_d32635